00289nam a2200109Ia 4500008004100000082001500041082000800056245007800064245001400142260001400156300000900170231017s9999 xx 000 0 und d a388.112099 bPAU 0aEconomic Evaluation of Road Investment Proposals: Risk Analysis (AP-R203) 0cAustroads bAustroads c30cm